000 00438nam a2200157 i 4500
001 50839
003 ES-MaACL
005 20230906162239.0
007 t|
008 030807s1972 sp |||| | spa d
100 1 _aCuenca Prats, Baldomero.
_942005
245 1 0 _aEstampas líricas
_b: poema en prosa /
_cBaldomero Cuenca Prats.
260 _aBarcelona :
_bPeñíscola,
_c1972.
300 _a62 p. ;
_c22 cm.
852 _aES-MaACL
_jC-44719
999 _c50839
_d50839